000 00742nam a2200229Ia 4500
003 GCL
008 140319s9999 xx 000 0 ara d
040 _aGCL /
_cGCL
082 0 4 _a301.1
_bم د
100 1 _aسامية محمد جابر
245 1 0 _aدراسات فى علم الاجتماع الطبى /
_cسامية محمد جابر
700 1 _aمحمد على محمد
700 1 _aعلى عبدالرزاق حلبى
700 1 _aسناء الخولى
260 _a[S.N] :
_bدار المعرفة الجامعية ،
_c1991
300 _a391 ص
490 _a
650 0 4 _aالسلوك الاجتماعى
650 0 4 _aالطب الاجتماعى
650 0 4 _aالاجتماع الطبى، علم
942 _2ddc
_cBK
999 _c35402
_d35402